MARC

LEADER 00000nas a2200000 a 4500
001 ssj0007452
003 WaSeSS
005 20200512172242.0
006 m d
007 cr n
008 971006c19979999moubx p s 0 a0eng c
010 |a  97641635   |z sn 97006648  
022 |l 1096-5807  |y 1096-5807 
030 |a OFFIB3 
032 |a 488240  |b USPS 
035 |a (WaSeSS)ssj0007452 
037 |b Professional Secretaries International, 10502 NW Ambassador Dr., P.O. Box 20404, Kansas City, MO 64195-0404 
040 |a PZZ  |b eng  |c PZZ  |d POA  |d NSD  |d DLC  |d IUL  |d CAS  |d IUL  |d U9S  |d OCLCQ  |d OCLCF  |d OCLCO  |d OVY  |d TPA  |d RDF  |d VNS  |d CPO  |d WaSeSS 
042 |a nsdp  |a pcc 
050 0 0 |a HF5547.A2  |b S395 
082 0 |a 651.06273 
210 0 |a OfficePro  |b (Kansas City Mo.) 
222 0 |a OfficePro  |b (Kansas City, Mo.) 
245 0 0 |a OfficePro  |h [electronic resource]. 
246 3 |a Office pro 
260 |a Kansas City, MO :  |b Professional Secretaries International,  |c c1997- 
310 |a 8 no. a year,  |b 2002- 
321 |a Nine no. a year,  |b 1997-2001 
362 0 |a Vol. 57, no. 8 (Oct. 1997)- 
500 |a Title from cover. 
506 |a License restrictions may limit access. 
650 0 |a Secretaries  |v Periodicals. 
650 0 |a Private secretaries  |v Periodicals. 
650 6 |a Secrétaires particuliers  |x Périodiques. 
650 6 |a Secrétaires  |x Périodiques. 
650 7 |a Private secretaries.  |2 fast  |0 (OCoLC)fst01077602 
650 7 |a Secretaries.  |2 fast  |0 (OCoLC)fst01110683 
655 0 |a Electronic journals. 
710 2 |a Professional Secretaries International. 
780 0 0 |t Secretary  |x 0037-0622  |w (DLC) 49000007  |w (OCoLC)7072678 
850 |a DLC  |a InU 
856 4 0 |z Full text available from Research Library: 02/01/1998 to present  |u https://search.proquest.com/publication/47956